Biggest Cities in Djibouti - Statistics

General Stats
  • This quiz has been taken 134 times
    100 since last reset
  • The average score is 3 of 10
Answer Stats
Population City % Correct
623,891 Djibouti
99%
12,043 Dikhil
36%
6,025 Arta
32%
17,776 Obock
32%
22,193 Tadjourah
19%
1,873 Dorra
17%
3,519 Holhol
17%
1,849 Galafi
12%
2,003 Goubetto
12%
55,000 Al Sabieh
9%
No matching quizzes found
Score Distribution
Percent of People with Each Score
Percentile by Number Answered
Your Score History
You have not taken this quiz since the last reset